000 00521nam a22001817a 4500
003 BD-ChCU
005 20251210104724.0
008 251210b bg ||||| |||| 00| 0 ben d
040 _cBD-ChCU
082 _a330.91724 STT (2)
100 _aStewart , Frances .
_917907
245 _aTechnology and underdevelopment ./
_cfrances , Technology .
250 _a2nd .ed.
260 _aLondon :
_bMacmillan ,
_cC 1985
300 _a xiv , 1985
650 0 _aThird world - Economic conditions.
_917909
942 _2ddc
_cBK
_n0
999 _c110327
_d110327